| 000 | 00334nam a2200133Ia 4500 | ||
|---|---|---|---|
| 008 | 220217s9999||||xx |||||||||||||| ||und|| | ||
| 082 | _a005.133 BAL | ||
| 100 | _aBalagurusamy, E | ||
| 245 | 0 | _aProgramming in C# | |
| 250 | _a3 | ||
| 260 |
_aTat mcgraw hill _bNew Delhi _c2010 |
||
| 300 | _b310 | ||
| 650 | _aPROGRAMMING LANGUAGE | ||
| 999 |
_c178926 _d178926 |
||